000 00510nam a2200181Ia 4500
005 20250508162827.0
008 008 250505s9999 xx 000 0 hin d
037 _aReference
040 _aFEDL
_beng
_cFEDL
041 _ahin
_2hin
084 _a401, BHA
_qFEDL
100 _aAyayar K A Subrhmanya
_9774125
245 0 _aBhartrihari ka vakya padiya
260 _aJaipur, India
_bRajasthan Hindi Granth Akademi
_c1981
300 _a456p
942 _cREF
_h401, BHA
999 _c1378912
_d1378912